| 000 | 00617nam a2200265 a 4500 | ||
|---|---|---|---|
| 001 | nice12345678 | ||
| 003 | IN_TiNIC | ||
| 005 | 20260116012344.0 | ||
| 008 | 050524s1970 dela grp 000 0 eng | ||
| 020 |
_a _c100 |
||
| 082 | 0 | 0 |
_a297.93 _bHOF |
| 100 | _aHofman, David | ||
| 245 | _aRenewal of Civilization | ||
| 260 |
_aDelhi _bBahri Pub. _c1970 |
||
| 300 | _a122p | ||
| 500 | _aincludes index and biblioraphy | ||
| 505 | 2 | _aMaps | |
| 650 | _aBahai Faith | ||
| 650 | _aReligions-Bahai | ||
| 650 | _aHeresies-Islamic | ||
| 700 | 1 | _aHofman, David | |
| 902 | _bSRS | ||
| 942 | _cBK | ||
| 999 |
_c6677 _d6677 |
||